书目信息 |
| 题名: |
城市雕塑艺术
|
|
| 作者: | 陈绳正 著 | |
| 分册: | ||
| 出版信息: | 沈阳 辽宁美术出版社 1998.01 |
|
| 页数: | 207页 | |
| 开本: | 29cm | |
| 丛书名: | ||
| 单 册: | ||
| 中图分类: | J331 | |
| 科图分类: | 48.2074 | |
| 主题词: | 城市--雕塑像--世界--摄影集 , 雕塑像--城市--世界--摄影集 | |
| 电子资源: | ||
| ISBN: | 7-5314-1814-2 | |
| 000 | 00740nam0 2200253 45 | |
| 001 | 0198043006 | |
| 005 | 20071010145500.38 | |
| 010 | @a7-5314-1814-2@b精装@dCNY99.00 | |
| 100 | @a19980810d1998 em y0chiy0121 ea | |
| 101 | 0 | @achi |
| 102 | @aCN@b210000 | |
| 105 | @aa z 000yy | |
| 200 | 10 | @a城市雕塑艺术@ACheng Shi Diao Su Yi Shu@f陈绳正著@FChen Sheng Zheng Zhu |
| 210 | @a沈阳@c辽宁美术出版社@d1998.01 | |
| 215 | @a207页@d29cm | |
| 510 | 1 | @aThe art of urban sculpture@zeng |
| 606 | 0 | @a城市@x雕塑像@y世界@x摄影集 |
| 606 | 0 | @a雕塑像@x城市@y世界@x摄影集 |
| 690 | @aJ331@v3 | |
| 692 | @a48.2074@v2 | |
| 701 | 0 | @a陈绳正@AChen Sheng Zheng@4著 |
| 801 | 0 | @aCN@bNLC@c20071010 |
| 905 | @aBZT@dJ331@e1 | |
| 906 | @dCNY99.00@n0@r1 | |
| 城市雕塑艺术/陈绳正著.-沈阳:辽宁美术出版社,1998.01 |
| 207页;29cm |
| ISBN 7-5314-1814-2(精装):CNY99.00 |
| ● |
| 相关链接 |
|
|
|
正题名:城市雕塑艺术
索取号:J331/1
 
预约/预借
| 序号 | 登录号 | 条形码 | 馆藏地/架位号 | 状态 | 备注 |
| 1 | 590235 | 230154497 | 中心书库中库/ 中库018架B面7列6层6/ [索取号:J331/1] | 在馆 | |
| 2 | 590236 | 230154496 | 中心书库中库/ 中库019架B面4列7层15/ [索取号:J331/1] | 在馆 | |
| 3 | 590237 | 230154495 | 中心书库中库/ 中库018架A面6列5层20/ [索取号:J331/1] | 在馆 | |
| 4 | 590238 | 230154494 | 中心书库中库/ 中库018架B面7列6层1/ [索取号:J331/1] | 在馆 | |
| 5 | 590239 | 230154493 | 中心书库中库/ 中库018架B面7列6层5/ [索取号:J331/1] | 在馆 | |
| 6 | 590240 | 230154500 | 中心书库中库/ 中库018架B面7列6层7/ [索取号:J331/1] | 在馆 | |
| 7 | 590241 | 230154499 | 中心书库中库/ 中库018架B面7列6层3/ [索取号:J331/1] | 在馆 | |
| 8 | 590242 | 230154498 | 中心书库中库/ 中库018架B面7列6层4/ [索取号:J331/1] | 在馆 | |
| 9 | 590243 | 230154501 | 中心书库中库/ 中库018架B面7列6层2/ [索取号:J331/1] | 在馆 | |
| 10 | 590244 | 230154502 | 中心书库中库/ 中库018架B面7列6层8/ [索取号:J331/1] | 在馆 |